00278cam a2200109ua 4500041001000000082001900010100002200029245005500051260004600106300001100152504000500163 aengh a828.09bFLE/WA aFletcher, Iain . aWalter Pater / cIain Fletcher.hTextual Documents aLondon : bLongman Green and Co , c1959. a44 ; . a